Schneckenrätsel: Städte - Statistiken

Allgemein
  • Dieses Quiz wurde 151 mal gespielt
  • Das Durchschnittsergebnis liegt bei 4 aus 9
Antwortstatistiken
% Korrekt
LA
97%
SYDNEY
74%
NEUSS
52%
AIX
40%
XIAN
34%
YAOUNDE
33%
EDMONTON
32%
NEUCHATEL
18%
LOUISVILLE
17%
Keine übereinstimmenden Quizze gefunden
Verteilung der Resultate
Anzahl Personen mit jedem Resultat
Perzentil nach korrekt beantworteten Fragen
Ihre Resultats-Entwicklung
Sie haben dieses Quiz noch nicht gespielt